00948nam a22002657a 450000500170000001000130001702000220003003500130005203700160006504000120008108200170009310000330011024501380014325000110028126000370029227000480032930000280037750000190040565000290042465000250045370000300047894200260050899900190053495201290055320170124110230.0 aA-949887 c00.00a8187031131 aA-949887 bCen Lib/Ret aDPLbEN a347.075bAIY aAiyar, P. Ramanathan 941191 aThe principels and precedents of the art of cross examination :cby P. Ramanathan Aiyar [and] P. Raghava Aiyarbcivil and criminal / a9th ed aAllahbadbThe Law Book Co.c1998 a1-004, Sardar Patel Margb Allahbade211001 acxxxv,1199p. c24cm(Hb) aIncludes index aCross-examination941192 aUnited States941193 aAiyar, P. Raghava 932298 2ddccENh347.075mAIY c134599d134599 001040718REFaLbLd2015-07-30eCen Lib/Retg0.00l0o347.075 AIYpA-949887r2015-07-30 00:00:00t1v0.00w2015-07-30yEN